Statistics for Largest Ancestry Groups in Massachusetts

Click here to take the quiz!

General Stats

  • This quiz has been taken 100 times
  • The average score is 14 of 22

Answer Stats

%TotalRegionAncestry Group% Correct
21.16~1,460,494EuropeIrish
97%
9.77~674,339EuropeEnglish
94%
6.82~470,726EuropeFrench
92%
6.00~414,128EuropeGerman
91%
13.19~910,393EuropeItalian
91%
2.28~157,368AsiaChinese
87%
4.67~322,330EuropePolish
86%
1.65~113,885EuropeRussian
82%
1.39~95,939AsiaIndian
79%
1.96~135,282N. AmericaWest Indian
79%
2.28~157,368EuropeScottish
74%
1.67~115,265EuropeSwedish
70%
1.03~71,092S. AmericaBrazilian
69%
1.22~84,206EuropeGreek
61%
4.52~311,977N. AmericaPuerto Rican
51%
1.10~75,923Asia/AfricaArab
49%
1.15~79,374N. AmericaHaitian
45%
4.26~294,031N. AmericaAmerican
40%
3.91~269,874N. AmericaFrench Canadian
30%
4.40~303,694EuropePortugese
25%
2.00~138,042AfricaSub-Saharan
22%
0.40~27,608AsiaArmenian
16%

Score Distribution

Percentile by Number Answered

Percent of People with Each Score

Your Score History

You have not taken this quiz